000 01101nam a2200217Ia 4500
001 10110
003 GE_BSU
008 181216s||||||||xx |||||||||||||| ||und||
040 _cGE_BSU
080 _a821.353.1+821.353.1-1+821.353.1-92
245 _aპირველი სხივი:წიგნი 9.პოეზია.პროზა.თარგმანები.კრიტიკა და ლიტერატმც–ბა
245 _bთბილისის შრომის წითელი დროშის ორდენოსანი სახელმწ.უნ–ტის ახალგ.მწერალთა წრის ალმანახი
245 _cსარედ.კოლ.ნ.აბესაძე.ა.თოფულია
260 _aთბილისი
260 _bთსუ
260 _c1973
300 _a475გვ.20სმ.
653 _aპირველი სხივი
653 _aპოეზია.პროზა.დრამატურგია.თარგმანები.წერილები
942 _cBK
999 _c43382
_d43382